01198nam a2200193Ia 4500001001000000003001000010008004100020040002500061041001300086100002400099245007300123250001100196260009100207300002700298500026800325501011400593520026800707650002900975L232-6331IT-CnALBA170116s9999||||xx |||||||||||||| ||und|| aIT-CnALBAcIT-CnALBA aITALIANO aPRAT FRANCESCO, SJ. 0aGESÙ CRISTO. LA SUA VITA. LA SUA DOTTRINA. L'OPERA SUA. VOLUME I.  a2a ed. a FIRENZEbFIORENTINA LIBRERIA EDITRICE c1945 [1° Ed.:1944 - Ed.Ling.Originale: 1933] a580 p. (prefazione: 5) aTRADUZIONE E PREFAZIONE DI PELLIZZARI TEBALDO. FONTI NON CRISTIANE SU GESÙ. I VANGELI. ANNUNZIAZIONE. NASCITA. CIRCONCISIONE DI GIOVANNI BATTISTA. NASCITA DI GESÙ. PASTORI. MAGGI. INFANZIA DI GESÙ. BATTESIMO DI GESÙ. TENTAZIONI. GLI APOSTOLI. CHIAMATA SEQ aSocietà San Paolo EM - Piazza San Paolo, 14 - 12051 ALBA (CN) (non commercial uses only) ® Copyright 2017 aTRADUZIONE E PREFAZIONE DI PELLIZZARI TEBALDO. FONTI NON CRISTIANE SU GESÙ. I VANGELI. ANNUNZIAZIONE. NASCITA. CIRCONCISIONE DI GIOVANNI BATTISTA. NASCITA DI GESÙ. PASTORI. MAGGI. INFANZIA DI GESÙ. BATTESIMO DI GESÙ. TENTAZIONI. GLI APOSTOLI. CHIAMATA SEQ aVITA E MISTERO DI CRISTO